Music Quiz

Random Music or Song Quiz

Boys' Names in Song Titles Quiz Stats

 Plays Quiz Updated Nov 6, 2015

Challenge
Share
Tweet
Embed
Score 0/25 Timer 07:00
6 Plays Today
% Correct
Johnny
94.1%
Jack
93.2%
Buddy
92.6%
Joe
90.6%
Jessie
88.5%
Steve
87.5%
Paul
85.1%
Bobby
83.6%
Sue
81%
Tim
79.7%
Leroy
79.7%
Harry
78.3%
Al
77.7%
% Correct
Leif
76.8%
Jesus
76.6%
Cassius
76.2%
Tommy
72.5%
Tom
71.7%
Duke
61.1%
Maxwell
58.1%
Brian
54%
Kenneth
52.2%
Adam
46.9%
Michael
45.2%
Leonardo
34%

You're not logged in!

Compare scores with friends on all Sporcle quizzes.
Join for Free
OR
Log In

You Might Also Like...

Show Comments

Extras

Top Quizzes Today


Score Distribution

Your Account Isn't Verified!

In order to create a playlist on Sporcle, you need to verify the email address you used during registration. Go to your Sporcle Settings to finish the process.

Report this User

Report this user for behavior that violates our Community Guidelines.

Details: